000 00200 a2200097 4500
001 19303
100 _aKaufmann, W
245 _afluid mechanics
260 _a
_bMC Graw Hill
_c
090 _c14178
_d14178
942 _aNUST-CAE
_cM
_c4645
999 _c254376
_d254376